L'ufficiale prussiano/Lo scolaro

সংরক্ষণ করুন:
গ্রন্থ-পঞ্জীর বিবরন
প্রধান লেখক: Lawrence D. H.
বিন্যাস: গ্রন্থ
ভাষা:অজানা বা ভুল ভাষা
প্রকাশিত: Forlì Zoe 2000
ট্যাগগুলো: ট্যাগ যুক্ত করুন
কোনো ট্যাগ নেই, প্রথমজন হিসাবে ট্যাগ করুন!

MARC

LEADER 00000nam a2200000Ia 4500
001 201
003 NUMERAZIONE-ORIGINALE-BRESCIA
005 20260206230750.0
008 260206s9999 xx 000 0 und d
100 |a Lawrence D. H. 
245 0 |a L'ufficiale prussiano/Lo scolaro 
260 |a Forlì 
260 |b Zoe 
260 |c 2000 
942 |2 ddc  |c BK  |n 0 
952 |0 0  |1 0  |2 ddc  |4 0  |6 11  |7 0  |9 28401  |a BS  |b BS  |d 2026-02-06  |i 201  |l 0  |o 1-1-*  |r 2026-02-06 22:40:34  |w 2026-02-06  |x [REVISIONARE]  |y BK 
999 |c 24082  |d 24082